000 00228nam a22001217a 4500
003 SGT
082 _bCHA
100 _aCHANDRA, SHART
245 _aPRIPITA
260 _aDELHI
_bHIND
_c1998
300 _a130
942 _2ddc
_cBK
999 _c20208
_d20208